000 00701nam a2200277Ia 4500
005 20260324113834.0
008 008 260324s9999 xx 000 0 eng d
020 _a9781003391272
037 _aEBOOK
040 _aCRL
040 _beng
040 _cCRL
041 _2eng
041 _aeng
084 _qCRL
100 _aSuman Swarnkar; J P Patra; Tien Anh Tran; Bharat Bhushan; Santosh Biswas
_91148382
245 0 _aMultimedia Data Processing and Computing
260 _bTaylor and Francis
260 _c2023
365 _a
365 _b210
856 _uhttp://www.taylorfrancis.com/books/9781003391272
942 _cEBOOK
999 _c1738237
_d1738237